| 000 | 01080nmm a2200313 a 4500 | ||
|---|---|---|---|
| 001 | ocm0001916815 | ||
| 003 | TR-IsHL | ||
| 005 | 20201028175006.0 | ||
| 008 | 180925s2016 tu tur | ||
| 007 | cr cn | ||
| 020 | _a9786059555012 | ||
| 035 |
_a1916815 _b(N$T) |
||
| 050 | 0 | 4 |
_aBP170.3 _b.A7619 2016 |
| 090 | 0 | 4 |
_aBP170.3 _b.A7619 2016 |
| 100 | 1 | _aArnold, Thomas Walker | |
| 245 | 1 | 0 |
_aİslâm'ın tebliğ tarihi _h[electronic resource] / _cThomas Walker Arnold ; Tercüme Bekir Yıldırım ve Cenker İlhan Polat |
| 250 | _a2. Baskı | ||
| 260 |
_aİstanbul : _bİnkılab Yayınları, _c2016 |
||
| 300 | _a599 p. | ||
| 500 | _aEser özgün adı; The Pre ac hing of Is lam | ||
| 650 | 4 | _aFelsefe, Psikoloji ve Din | |
| 650 | 4 | _aPhilosophy, Psychology and Religion | |
| 650 | 0 |
_aIslam _x History |
|
| 650 | 0 |
_aİslam _x Tarih |
|
| 650 | 7 |
_aRELIGION / Islam / General _2bisacsh |
|
| 700 | 1 | _aYıldırım, Bekir | |
| 700 | 1 | _aPolat, Cenker İlhan | |
| 856 | 4 | 0 | _uhttp://search.ebscohost.com/login.aspx?direct=true&scope=site&db=e011xww&AN=1916815 |
| 999 |
_c18454 _d18454 |
||